[Event "Blitz 2018"]
[Site "Saint-Petersburg"]
[Date "2018.12.29"]
[Round "1"]
[Board "58"]
[White "Hakobyan Aram (ARM)"]
[Black "Maghsoodloo Parham (IRI)"]
[Result "0-1"]
[LiveChessVersion "1.4.8"]
[BlackElo "2642"]
[WhiteElo "2451"]

1. Nf3 {[%clk 0:03:03]} Nf6 {[%clk 0:03:01]} 2. c4 {[%clk 0:03:03]} e6
{[%clk 0:02:55]} 3. g3 {[%clk 0:03:03]} a6 {[%clk 0:02:55]} 4. Bg2
{[%clk 0:03:03]} b5 {[%clk 0:02:51]} 5. b3 {[%clk 0:03:04]} Bb7 {[%clk 0:02:51]}
6. O-O {[%clk 0:03:03]} Be7 {[%clk 0:02:44]} 7. Nc3 {[%clk 0:03:02]} Ne4
{[%clk 0:02:15]} 8. Bb2 {[%clk 0:02:52]} Nxc3 {[%clk 0:01:54]} 9. Bxc3
{[%clk 0:02:53]} O-O {[%clk 0:01:54]} 10. Qc2 {[%clk 0:02:43]} f5
{[%clk 0:01:53]} 11. d3 {[%clk 0:02:37]} c5 {[%clk 0:01:44]} 12. Rad1
{[%clk 0:02:35]} Ra7 {[%clk 0:01:27]} 13. d4 {[%clk 0:02:29]} Be4
{[%clk 0:01:26]} 14. Qc1 {[%clk 0:02:21]} bxc4 {[%clk 0:01:18]} 15. bxc4
{[%clk 0:02:19]} cxd4 {[%clk 0:01:07]} 16. Bxd4 {[%clk 0:01:32]} Rb7
{[%clk 0:01:07]} 17. Ne5 {[%clk 0:01:27]} Bxg2 18. Kxg2 {[%clk 0:01:28]} Qc8
{[%clk 0:00:56]} 19. Kg1 {[%clk 0:00:58]} Nc6 {[%clk 0:00:54]} 20. Bc3
{[%clk 0:00:42]} Nxe5 {[%clk 0:00:35]} 21. Bxe5 {[%clk 0:00:42]} Rf7
{[%clk 0:00:27]} 22. Bd6 {[%clk 0:00:34]} Bxd6 {[%clk 0:00:24]} 23. Rxd6
{[%clk 0:00:35]} Rc7 {[%clk 0:00:20]} 24. Qa3 {[%clk 0:00:35]} Rc6
{[%clk 0:00:18]} 25. Rfd1 {[%clk 0:00:30]} h6 {[%clk 0:00:16]} 26. c5
{[%clk 0:00:22]} Rxc5 {[%clk 0:00:05]} 27. Rxa6 {[%clk 0:00:22]} Kh7
{[%clk 0:00:06]} 28. Rad6 {[%clk 0:00:20]} Rc7 {[%clk 0:00:06]} 29. Qd3
{[%clk 0:00:20]} Qa8 {[%clk 0:00:07]} 30. Qb3 {[%clk 0:00:17]} Ra7
{[%clk 0:00:07]} 31. R6d2 {[%clk 0:00:08]} d5 {[%clk 0:00:09]} 32. Qe3
{[%clk 0:00:09]} Rf6 {[%clk 0:00:06]} 33. Rc2 {[%clk 0:00:09]} Ra4
{[%clk 0:00:07]} 34. Rdd2 {[%clk 0:00:06]} Rg6 {[%clk 0:00:05]} 35. Qf3
{[%clk 0:00:05]} Qa5 {[%clk 0:00:06]} 36. Kg2 {[%clk 0:00:04]} Rgg4
{[%clk 0:00:07]} 37. Rb2 {[%clk 0:00:05]} Rac4 {[%clk 0:00:06]} 38. Rdc2
{[%clk 0:00:05]} Ra4 {[%clk 0:00:05]} 39. Rb7 {[%clk 0:00:04]} Rxa2
{[%clk 0:00:05]} 40. Rxa2 {[%clk 0:00:03]} Qxa2 41. h3 Rg6 {[%clk 0:00:07]} 42.
e3 {[%clk 0:00:04]} Qc2 {[%clk 0:00:08]} 43. Qf4 {[%clk 0:00:04]} Qc6
{[%clk 0:00:08]} 44. Qc7 {[%clk 0:00:04]} Qxc7 {[%clk 0:00:05]} 45. Rxc7
{[%clk 0:00:05]} Rf6 {[%clk 0:00:06]} 46. Re7 {[%clk 0:00:06]} Kg8
{[%clk 0:00:07]} 47. Kf3 {[%clk 0:00:06]} Kf8 {[%clk 0:00:06]} 48. Rb7
{[%clk 0:00:06]} Rf7 {[%clk 0:00:04]} 49. Rb8+ {[%clk 0:00:07]} Ke7
{[%clk 0:00:06]} 50. h4 {[%clk 0:00:08]} g5 {[%clk 0:00:04]} 51. Rh8
{[%clk 0:00:08]} Rf6 {[%clk 0:00:05]} 52. Ke2 {[%clk 0:00:07]} gxh4
{[%clk 0:00:04]} 53. gxh4 {[%clk 0:00:09]} Rg6 {[%clk 0:00:05]} 54. h5
{[%clk 0:00:10]} Rf6 {[%clk 0:00:06]} 55. Rg8 {[%clk 0:00:10]} f4
{[%clk 0:00:07]} 56. Rh8 {[%clk 0:00:08]} fxe3 {[%clk 0:00:06]} 57. fxe3 Kd6 58.
Kd3 {[%clk 0:00:04]} Ke5 {[%clk 0:00:08]} 59. Ke2 {[%clk 0:00:03]} Kf5
{[%clk 0:00:08]} 60. Rg8 {[%clk 0:00:05]} Ke5 {[%clk 0:00:09]} 61. Rh8
{[%clk 0:00:03]} Ke4 {[%clk 0:00:09]} 62. Rg8 {[%clk 0:00:03]} Kf5
{[%clk 0:00:04]} 63. Kd3 {[%clk 0:00:04]} Ke5 {[%clk 0:00:05]} 64. Ke2
{[%clk 0:00:04]} Ke4 {[%clk 0:00:04]} 65. Rg6 {[%clk 0:00:04]} Kf5
{[%clk 0:00:05]} 66. Rg8 {[%clk 0:00:05]} e5 {[%clk 0:00:06]} 67. Kd3
{[%clk 0:00:06]} Ra6 {[%clk 0:00:07]} 68. Rd8 {[%clk 0:00:04]} Ra3+
{[%clk 0:00:07]} 69. Kd2 {[%clk 0:00:04]} Ke4 {[%clk 0:00:09]} 70. Rd6
{[%clk 0:00:05]} Rd3+ {[%clk 0:00:09]} 71. Kc2 {[%clk 0:00:06]} Rxe3
{[%clk 0:00:09]} 72. Rxh6 {[%clk 0:00:07]} d4 {[%clk 0:00:10]} 73. Rh8
{[%clk 0:00:04]} Rh3 {[%clk 0:00:11]} 74. h6 {[%clk 0:00:06]} Rh2+
{[%clk 0:00:12]} 75. Kc1 {[%clk 0:00:06]} Ke3 {[%clk 0:00:11]} 76. h7
{[%clk 0:00:03]} e4 {[%clk 0:00:12]} 77. Kb1 {[%clk 0:00:04]} d3 {[%clk 0:00:13]}
78. Kc1 {[%clk 0:00:05]} Rh1+ {[%clk 0:00:08]} 79. Kb2 {[%clk 0:00:06]} d2
{[%clk 0:00:10]} 80. Rd8 {[%clk 0:00:03]} Rxh7 {[%clk 0:00:10]} 81. Kc2
{[%clk 0:00:05]} Rc7+ {[%clk 0:00:11]} 82. Kb2 {[%clk 0:00:05]} Rc1
{[%clk 0:00:11]} 0-1

[Event "Blitz 2018"]
[Site "Saint-Petersburg"]
[Date "2018.12.29"]
[Round "1"]
[Board "59"]
[White "Oparin Grigoriy (RUS)"]
[Black "Belyakov Bogdan (RUS)"]
[Result "1-0"]
[LiveChessVersion "1.4.8"]
[BlackElo "2448"]
[WhiteElo "2641"]

1. Nf3 {[%clk 0:03:02]} Nf6 {[%clk 0:03:03]} 2. g3 {[%clk 0:03:03]} g6
{[%clk 0:03:04]} 3. Bg2 {[%clk 0:03:03]} Bg7 {[%clk 0:03:05]} 4. c4
{[%clk 0:03:04]} O-O {[%clk 0:03:04]} 5. Nc3 {[%clk 0:03:05]} c5 {[%clk 0:03:05]}
6. d4 {[%clk 0:03:05]} d6 {[%clk 0:03:06]} 7. O-O {[%clk 0:03:05]} Nc6
{[%clk 0:03:07]} 8. dxc5 {[%clk 0:03:05]} dxc5 {[%clk 0:03:08]} 9. Be3
{[%clk 0:03:06]} Qa5 {[%clk 0:02:55]} 10. Qb3 {[%clk 0:03:06]} Qb4
{[%clk 0:02:40]} 11. Qxb4 {[%clk 0:03:07]} cxb4 {[%clk 0:02:37]} 12. Nd5
{[%clk 0:03:07]} Nxd5 {[%clk 0:01:33]} 13. cxd5 {[%clk 0:03:07]} Ne5
{[%clk 0:01:34]} 14. Nxe5 {[%clk 0:02:52]} Bxe5 {[%clk 0:01:35]} 15. Bc5
{[%clk 0:02:52]} Bxb2 {[%clk 0:01:07]} 16. Rab1 {[%clk 0:02:53]} Bf6
{[%clk 0:01:09]} 17. Bxb4 {[%clk 0:02:44]} Re8 {[%clk 0:00:58]} 18. Rfc1
{[%clk 0:02:41]} Be5 {[%clk 0:00:52]} 19. Bc3 {[%clk 0:02:19]} Bd6
{[%clk 0:00:31]} 20. e4 {[%clk 0:02:19]} f6 {[%clk 0:00:32]} 21. f4
{[%clk 0:02:20]} Bc5+ {[%clk 0:00:23]} 22. Kh1 {[%clk 0:02:20]} b6
{[%clk 0:00:23]} 23. e5 {[%clk 0:02:09]} fxe5 {[%clk 0:00:23]} 24. fxe5
{[%clk 0:01:58]} Bf5 {[%clk 0:00:24]} 25. Rb3 {[%clk 0:01:53]} Rad8
{[%clk 0:00:25]} 26. Bb4 {[%clk 0:01:39]} Bd4 {[%clk 0:00:23]} 27. Re1
{[%clk 0:01:40]} Rc8 {[%clk 0:00:23]} 28. Be4 {[%clk 0:01:13]} Bxe4+
{[%clk 0:00:22]} 29. Rxe4 {[%clk 0:01:14]} Bc5 {[%clk 0:00:23]} 30. Bd2
{[%clk 0:01:06]} Rcd8 {[%clk 0:00:23]} 31. Rd3 {[%clk 0:01:07]} Rd7
{[%clk 0:00:24]} 32. e6 {[%clk 0:01:03]} Rc7 {[%clk 0:00:23]} 33. Bh6
{[%clk 0:00:48]} Bd6 {[%clk 0:00:22]} 34. Re2 {[%clk 0:00:48]} Rc5
{[%clk 0:00:21]} 35. Rf3 {[%clk 0:00:42]} Rxd5 {[%clk 0:00:21]} 36. Ref2
{[%clk 0:00:43]} Rf5 {[%clk 0:00:21]} 37. Rxf5 {[%clk 0:00:43]} gxf5
{[%clk 0:00:22]} 38. Rxf5 {[%clk 0:00:44]} Bc5 {[%clk 0:00:23]} 39. Rd5
{[%clk 0:00:25]} a5 {[%clk 0:00:20]} 40. a4 {[%clk 0:00:25]} Bb4 {[%clk 0:00:20]}
41. Kg2 {[%clk 0:00:25]} Bc3 {[%clk 0:00:20]} 42. h4 {[%clk 0:00:22]} Kh8
{[%clk 0:00:22]} 43. Be3 {[%clk 0:00:20]} Kg7 {[%clk 0:00:22]} 44. Bxb6
{[%clk 0:00:19]} Kf6 {[%clk 0:00:23]} 45. Bxa5 {[%clk 0:00:17]} Kxe6
{[%clk 0:00:22]} 46. Rh5 {[%clk 0:00:17]} Bxa5 {[%clk 0:00:22]} 47. Rxa5
{[%clk 0:00:18]} Kf6 {[%clk 0:00:22]} 48. Kf3 {[%clk 0:00:18]} Rc8
{[%clk 0:00:22]} 49. Ra6+ {[%clk 0:00:14]} Kg7 {[%clk 0:00:22]} 50. Re6
{[%clk 0:00:13]} Kf7 {[%clk 0:00:22]} 51. Re4 {[%clk 0:00:11]} Rc5
{[%clk 0:00:22]} 52. g4 {[%clk 0:00:11]} Kf6 {[%clk 0:00:22]} 53. g5+
{[%clk 0:00:12]} Kf7 {[%clk 0:00:21]} 54. Kg4 {[%clk 0:00:13]} Rd5
{[%clk 0:00:21]} 55. Kg3 {[%clk 0:00:11]} Rc5 {[%clk 0:00:21]} 56. Re3
{[%clk 0:00:12]} Ra5 {[%clk 0:00:19]} 57. Ra3 {[%clk 0:00:12]} Ke6
{[%clk 0:00:20]} 58. Kg4 {[%clk 0:00:13]} Kd5 {[%clk 0:00:21]} 59. Kh5
{[%clk 0:00:14]} Ra6 {[%clk 0:00:22]} 60. a5 {[%clk 0:00:14]} e5 {[%clk 0:00:23]}
61. Kg4 {[%clk 0:00:14]} Kd4 {[%clk 0:00:21]} 62. Kf5 {[%clk 0:00:13]} Ra8
{[%clk 0:00:20]} 63. a6 {[%clk 0:00:13]} Rf8+ {[%clk 0:00:22]} 64. Kg4
{[%clk 0:00:11]} e4 {[%clk 0:00:23]} 65. a7 {[%clk 0:00:13]} Ra8 {[%clk 0:00:23]}
66. h5 {[%clk 0:00:11]} e3 {[%clk 0:00:13]} 67. Kf3 {[%clk 0:00:12]} Ke5
{[%clk 0:00:13]} 68. Kxe3 {[%clk 0:00:12]} Kf5 {[%clk 0:00:14]} 69. Ra5+
{[%clk 0:00:13]} Kg4 {[%clk 0:00:16]} 70. g6 {[%clk 0:00:14]} 1-0

[Event "Blitz 2018"]
[Site "Saint-Petersburg"]
[Date "2018.12.29"]
[Round "1"]
[Board "60"]
[White "Steinberg Nitzan (ISR)"]
[Black "Bindrich Falko (GER)"]
[Result "1/2-1/2"]
[LiveChessVersion "1.4.8"]
[BlackElo "2639"]
[WhiteElo "2447"]

1. e4 {[%clk 0:03:02]} e5 {[%clk 0:03:03]} 2. Nf3 {[%clk 0:03:03]} Nc6
{[%clk 0:03:04]} 3. Bb5 {[%clk 0:03:04]} Nf6 {[%clk 0:03:04]} 4. O-O
{[%clk 0:03:04]} Nxe4 {[%clk 0:03:05]} 5. Re1 {[%clk 0:03:05]} Nd6
{[%clk 0:03:06]} 6. a4 {[%clk 0:03:06]} a6 {[%clk 0:02:51]} 7. Nxe5
{[%clk 0:03:04]} Nxe5 {[%clk 0:02:46]} 8. Rxe5+ {[%clk 0:03:05]} Be7
{[%clk 0:02:47]} 9. Bf1 {[%clk 0:03:05]} O-O {[%clk 0:02:46]} 10. Nc3
{[%clk 0:02:56]} Ne8 {[%clk 0:02:39]} 11. Nd5 {[%clk 0:02:46]} Bd6
{[%clk 0:02:41]} 12. Re1 {[%clk 0:02:45]} c6 {[%clk 0:02:42]} 13. Ne3
{[%clk 0:02:45]} Bc7 {[%clk 0:02:43]} 14. c4 {[%clk 0:02:41]} d5 {[%clk 0:02:37]}
15. cxd5 {[%clk 0:02:31]} cxd5 {[%clk 0:02:38]} 16. d4 {[%clk 0:02:32]} Nf6
{[%clk 0:02:39]} 17. Bd3 {[%clk 0:02:13]} Be6 {[%clk 0:02:28]} 18. Bd2
{[%clk 0:02:05]} Qd6 {[%clk 0:02:19]} 19. g3 {[%clk 0:02:02]} Bb6
{[%clk 0:01:59]} 20. Bc3 {[%clk 0:01:57]} Rad8 {[%clk 0:01:59]} 21. Qf3
{[%clk 0:01:49]} Rfe8 {[%clk 0:01:45]} 22. Nf5 {[%clk 0:01:41]} Bxf5
{[%clk 0:01:45]} 23. Qxf5 {[%clk 0:01:41]} g6 {[%clk 0:01:38]} 24. Qf3
{[%clk 0:01:41]} Nd7 {[%clk 0:01:27]} 25. Kg2 {[%clk 0:01:30]} Nb8
{[%clk 0:01:25]} 26. Bc2 {[%clk 0:01:08]} Nc6 {[%clk 0:01:26]} 27. Rxe8+
{[%clk 0:01:00]} Rxe8 {[%clk 0:01:27]} 28. Rd1 {[%clk 0:01:01]} Kg7
{[%clk 0:01:05]} 29. h4 {[%clk 0:01:02]} h5 {[%clk 0:01:06]} 30. Bb1
{[%clk 0:00:59]} Rd8 {[%clk 0:01:05]} 31. Ba2 {[%clk 0:00:51]} Ba5
{[%clk 0:01:01]} 32. Bxa5 {[%clk 0:00:45]} Nxa5 {[%clk 0:01:02]} 33. Rc1
{[%clk 0:00:46]} Nc6 {[%clk 0:00:50]} 34. Qe3 {[%clk 0:00:44]} Qb4
{[%clk 0:00:46]} 35. Rc5 {[%clk 0:00:35]} Qxb2 {[%clk 0:00:23]} 36. Bxd5
{[%clk 0:00:34]} b6 {[%clk 0:00:15]} 37. Rxc6 {[%clk 0:00:16]} Rxd5
{[%clk 0:00:16]} 38. Rc4 {[%clk 0:00:17]} b5 {[%clk 0:00:10]} 39. axb5
{[%clk 0:00:19]} axb5 40. Rc5 {[%clk 0:00:20]} Qa2 {[%clk 0:00:06]} 41. Qe4
{[%clk 0:00:16]} Rxc5 {[%clk 0:00:05]} 42. dxc5 {[%clk 0:00:17]} Qa7
{[%clk 0:00:03]} 43. c6 {[%clk 0:00:15]} Qc5 {[%clk 0:00:04]} 44. Kg1
{[%clk 0:00:06]} b4 {[%clk 0:00:05]} 45. c7 {[%clk 0:00:07]} Qc1+
{[%clk 0:00:06]} 46. Kg2 {[%clk 0:00:07]} Qxc7 {[%clk 0:00:07]} 47. Qxb4
{[%clk 0:00:08]} 1/2-1/2

[Event "Blitz 2018"]
[Site "Saint-Petersburg"]
[Date "2018.12.29"]
[Round "1"]
[Board "61"]
[White "Savchenko Boris (RUS)"]
[Black "Shinkevich Vitaly (RUS)"]
[Result "1-0"]
[LiveChessVersion "1.4.8"]
[BlackElo "2445"]
[WhiteElo "2639"]

1. e4 {[%clk 0:03:01]} c5 {[%clk 0:03:02]} 2. Nf3 {[%clk 0:03:02]} e6
{[%clk 0:03:01]} 3. d4 {[%clk 0:03:00]} cxd4 {[%clk 0:03:01]} 4. Nxd4
{[%clk 0:03:01]} a6 {[%clk 0:03:01]} 5. c4 {[%clk 0:03:01]} Nf6 {[%clk 0:02:59]}
6. Nc3 {[%clk 0:03:02]} Qc7 {[%clk 0:02:56]} 7. Be2 {[%clk 0:03:02]} b6
{[%clk 0:02:53]} 8. O-O {[%clk 0:03:00]} Bb7 {[%clk 0:02:52]} 9. f3
{[%clk 0:02:59]} Be7 {[%clk 0:02:37]} 10. Be3 {[%clk 0:02:58]} d6
{[%clk 0:02:35]} 11. b4 {[%clk 0:02:45]} Nbd7 {[%clk 0:02:32]} 12. Qb3
{[%clk 0:02:44]} O-O {[%clk 0:02:31]} 13. a4 {[%clk 0:02:42]} Rab8
{[%clk 0:02:22]} 14. a5 {[%clk 0:02:31]} bxa5 {[%clk 0:02:16]} 15. Rxa5
{[%clk 0:02:31]} Rfc8 {[%clk 0:01:58]} 16. Rc1 {[%clk 0:02:24]} Ne5
{[%clk 0:01:49]} 17. Na4 {[%clk 0:01:19]} h6 {[%clk 0:01:22]} 18. Qc3
{[%clk 0:01:07]} Qd8 {[%clk 0:01:09]} 19. Qe1 {[%clk 0:00:54]} d5
{[%clk 0:00:53]} 20. exd5 {[%clk 0:00:47]} exd5 {[%clk 0:00:43]} 21. c5
{[%clk 0:00:44]} Nc4 {[%clk 0:00:25]} 22. Bxc4 {[%clk 0:00:44]} dxc4
{[%clk 0:00:26]} 23. Nb6 {[%clk 0:00:43]} Rc7 {[%clk 0:00:16]} 24. Nf5
{[%clk 0:00:37]} Bf8 {[%clk 0:00:14]} 25. Bf4 {[%clk 0:00:34]} Nd5
{[%clk 0:00:06]} 26. Nxd5 {[%clk 0:00:33]} Bxd5 {[%clk 0:00:06]} 27. Rxa6
{[%clk 0:00:30]} Rbb7 {[%clk 0:00:03]} 28. Bxc7 {[%clk 0:00:28]} Qxc7
{[%clk 0:00:04]} 29. Nd6 {[%clk 0:00:25]} Rb8 {[%clk 0:00:04]} 30. Qc3
{[%clk 0:00:21]} Qe7 {[%clk 0:00:00]} 1-0

[Event "Blitz 2018"]
[Site "Saint-Petersburg"]
[Date "2018.12.29"]
[Round "1"]
[Board "63"]
[White "Alekseev Evgeny (RUS)"]
[Black "Vlassov Nikolai (RUS)"]
[Result "1-0"]
[LiveChessVersion "1.4.8"]
[BlackElo "2438"]
[WhiteElo "2634"]

1. Nf3 {[%clk 0:03:03]} f5 {[%clk 0:03:03]} 2. d4 {[%clk 0:03:02]} Nf6
{[%clk 0:03:04]} 3. c4 {[%clk 0:03:03]} g6 {[%clk 0:03:04]} 4. g3
{[%clk 0:03:04]} Bg7 {[%clk 0:03:05]} 5. Bg2 {[%clk 0:03:05]} O-O
{[%clk 0:03:06]} 6. O-O d6 7. Nc3 {[%clk 0:03:06]} Qe8 {[%clk 0:03:08]} 8. d5
{[%clk 0:03:02]} a5 {[%clk 0:02:56]} 9. Be3 {[%clk 0:02:54]} Na6 {[%clk 0:02:57]}
10. Rc1 {[%clk 0:02:45]} Bd7 {[%clk 0:02:57]} 11. h3 {[%clk 0:02:36]} c6
{[%clk 0:02:57]} 12. Nd4 {[%clk 0:02:26]} Nc5 {[%clk 0:02:52]} 13. Qc2
{[%clk 0:02:02]} cxd5 {[%clk 0:02:51]} 14. cxd5 {[%clk 0:02:01]} Rc8
{[%clk 0:02:51]} 15. Qb1 {[%clk 0:01:49]} Qf7 {[%clk 0:02:38]} 16. Rfd1
{[%clk 0:01:23]} Nce4 {[%clk 0:02:36]} 17. Nxe4 {[%clk 0:01:12]} Nxe4
{[%clk 0:02:36]} 18. Bxe4 {[%clk 0:00:55]} fxe4 {[%clk 0:02:37]} 19. Qxe4
{[%clk 0:00:54]} Bxh3 {[%clk 0:02:36]} 20. b3 {[%clk 0:00:44]} Bd7
{[%clk 0:02:05]} 21. Ne6 {[%clk 0:00:36]} Bxe6 {[%clk 0:01:54]} 22. dxe6
{[%clk 0:00:37]} Qf6 {[%clk 0:01:40]} 23. Rxc8 {[%clk 0:00:30]} Rxc8
{[%clk 0:01:41]} 24. Kg2 {[%clk 0:00:13]} b5 {[%clk 0:01:25]} 25. Rd5
{[%clk 0:00:13]} Qb2 {[%clk 0:01:21]} 26. Bg5 {[%clk 0:00:09]} Bf8
{[%clk 0:01:01]} 27. Rxb5 {[%clk 0:00:08]} Qxa2 {[%clk 0:00:37]} 28. Qf3
{[%clk 0:00:09]} a4 {[%clk 0:00:33]} 29. Qf7+ Kh8 30. Bxe7 {[%clk 0:00:09]} Bxe7
{[%clk 0:00:34]} 31. Qxe7 {[%clk 0:00:10]} Qxe2 {[%clk 0:00:29]} 32. Rb7
{[%clk 0:00:09]} Qe4+ {[%clk 0:00:19]} 33. Kh2 {[%clk 0:00:10]} 1-0

[Event "Blitz 2018"]
[Site "Saint-Petersburg"]
[Date "2018.12.29"]
[Round "1"]
[Board "64"]
[White "Lobanov Sergei (RUS)"]
[Black "Riazantsev Alexander (RUS)"]
[Result "0-1"]
[LiveChessVersion "1.4.8"]
[BlackElo "2633"]
[WhiteElo "2434"]

1. e4 {[%clk 0:03:03]} c6 {[%clk 0:03:04]} 2. d4 {[%clk 0:03:04]} d5
{[%clk 0:03:06]} 3. e5 {[%clk 0:03:04]} Bf5 {[%clk 0:03:07]} 4. Nf3
{[%clk 0:03:05]} e6 {[%clk 0:03:08]} 5. Be2 {[%clk 0:03:06]} Ne7 {[%clk 0:03:09]}
6. O-O {[%clk 0:03:06]} Bg6 {[%clk 0:03:11]} 7. Nbd2 {[%clk 0:03:03]} c5
{[%clk 0:03:12]} 8. c4 {[%clk 0:02:36]} cxd4 {[%clk 0:02:50]} 9. Nxd4
{[%clk 0:02:07]} Nec6 {[%clk 0:02:52]} 10. N2f3 {[%clk 0:01:58]} Be7
{[%clk 0:02:53]} 11. Nb5 {[%clk 0:01:48]} a6 {[%clk 0:02:08]} 12. cxd5
{[%clk 0:00:35]} exd5 {[%clk 0:02:09]} 13. Nbd4 {[%clk 0:00:35]} O-O
{[%clk 0:02:10]} 14. Bf4 {[%clk 0:00:35]} Nxd4 {[%clk 0:02:03]} 15. Nxd4
{[%clk 0:00:35]} Nc6 {[%clk 0:02:05]} 16. Rc1 {[%clk 0:00:27]} Qb6
{[%clk 0:01:58]} 17. Nxc6 {[%clk 0:00:22]} bxc6 {[%clk 0:01:59]} 18. Be3
{[%clk 0:00:18]} Qxb2 {[%clk 0:01:56]} 19. Rxc6 {[%clk 0:00:19]} Qxa2
{[%clk 0:01:52]} 20. Bf3 {[%clk 0:00:09]} Rfd8 {[%clk 0:01:44]} 21. Qd4
{[%clk 0:00:10]} a5 {[%clk 0:01:31]} 22. h4 {[%clk 0:00:10]} Bf5 {[%clk 0:01:01]}
23. Ra1 {[%clk 0:00:10]} Qb3 {[%clk 0:01:02]} 24. Rb6 {[%clk 0:00:09]} Bb4
{[%clk 0:00:50]} 25. Rc6 {[%clk 0:00:04]} h6 {[%clk 0:00:47]} 26. h5
{[%clk 0:00:04]} Qd3 {[%clk 0:00:32]} 27. Qxd3 {[%clk 0:00:04]} Bxd3
{[%clk 0:00:33]} 28. Rd1 {[%clk 0:00:03]} Be4 {[%clk 0:00:29]} 29. Bxe4
{[%clk 0:00:03]} dxe4 {[%clk 0:00:31]} 30. Rxd8+ {[%clk 0:00:04]} Rxd8
{[%clk 0:00:32]} 31. Rc4 {[%clk 0:00:04]} Rb8 {[%clk 0:00:20]} 32. Rxe4 a4 33.
Bd4 {[%clk 0:00:04]} a3 {[%clk 0:00:22]} 34. Kh2 {[%clk 0:00:04]} a2
{[%clk 0:00:22]} 35. Re2 {[%clk 0:00:05]} Ra8 {[%clk 0:00:21]} 36. Ba1
{[%clk 0:00:06]} Kf8 {[%clk 0:00:18]} 37. f4 {[%clk 0:00:07]} Ra4
{[%clk 0:00:16]} 38. g3 {[%clk 0:00:06]} Bc5 {[%clk 0:00:16]} 39. Kh3
{[%clk 0:00:06]} Ke7 {[%clk 0:00:17]} 40. f5 {[%clk 0:00:05]} Bb6
{[%clk 0:00:13]} 41. g4 {[%clk 0:00:04]} Ra3+ {[%clk 0:00:13]} 42. Kg2
{[%clk 0:00:06]} Bc5 {[%clk 0:00:14]} 43. Rc2 {[%clk 0:00:06]} Ra5
{[%clk 0:00:15]} 44. Kf3 {[%clk 0:00:07]} Kd7 {[%clk 0:00:15]} 45. Ke4
{[%clk 0:00:08]} Kc6 {[%clk 0:00:15]} 46. e6 {[%clk 0:00:07]} Ra4+
{[%clk 0:00:17]} 47. Kf3 {[%clk 0:00:07]} fxe6 {[%clk 0:00:16]} 48. fxe6
{[%clk 0:00:08]} Kd5 {[%clk 0:00:15]} 49. Re2 {[%clk 0:00:08]} Be7
{[%clk 0:00:16]} 50. Re5+ {[%clk 0:00:05]} Kd6 {[%clk 0:00:17]} 51. Re1
{[%clk 0:00:05]} Bf6 {[%clk 0:00:13]} 52. Bxf6 gxf6 53. e7 {[%clk 0:00:06]} Ra8
{[%clk 0:00:16]} 54. Kf4 {[%clk 0:00:04]} Kd7 {[%clk 0:00:16]} 55. Kf5
{[%clk 0:00:04]} Ke8 {[%clk 0:00:16]} 56. Ra1 {[%clk 0:00:04]} Kxe7
{[%clk 0:00:15]} 57. Kg6 {[%clk 0:00:06]} Ra5 {[%clk 0:00:08]} 58. Kxh6 Kf7 59.
Kh7 {[%clk 0:00:05]} Ra4 {[%clk 0:00:10]} 60. Kh6 {[%clk 0:00:05]} Ra5
{[%clk 0:00:09]} 61. Kh7 {[%clk 0:00:06]} Ra8 {[%clk 0:00:11]} 62. h6
{[%clk 0:00:04]} Ra4 {[%clk 0:00:11]} 63. Kh8 {[%clk 0:00:05]} Ra8+
{[%clk 0:00:12]} 64. Kh7 {[%clk 0:00:06]} Ra6 {[%clk 0:00:10]} 65. g5
{[%clk 0:00:04]} fxg5 66. Rf1+ {[%clk 0:00:05]} Rf6 {[%clk 0:00:10]} 67. Ra1
{[%clk 0:00:05]} Rf2 {[%clk 0:00:11]} 68. Rc1 {[%clk 0:00:04]} g4
{[%clk 0:00:11]} 69. Kh8 {[%clk 0:00:05]} Rc2 {[%clk 0:00:07]} 70. Rd1
{[%clk 0:00:04]} Kg6 {[%clk 0:00:08]} 71. Rd6+ {[%clk 0:00:05]} Kg5
{[%clk 0:00:09]} 72. h7 {[%clk 0:00:04]} a1=Q+ 0-1